| 000 | 01040nam a22002057a 4500 | ||
|---|---|---|---|
| 999 |
_c7020 _d7020 |
||
| 003 | AR-CdUCM | ||
| 008 | 190319b ||||| |||| 00| 0 spa d | ||
| 040 |
_aMUNICIPALIDAD PROVINCIAL DEL CUSCO _cBIBLIOTECA MUNICIPAL DEL CUSCO |
||
| 082 |
_a621.384 / _bO72 |
||
| 110 |
_aMarcombo _919787 |
||
| 245 | _aRadio Handbook / | ||
| 260 |
_aEspaña : _bBoixareu Editores , _c1977. |
||
| 300 |
_a1120 páginas ; _c24.5 cm. |
||
| 505 | _aContenido : Introduccion a la Radioaficion -- Circuitos en corriente continua -- Circuitos en corriente continua -- Circuitos en corriente Alterna -- Dispositivos Semiconductores -- Dispositivos Semiconductores -- Princippios de los tubos de vacío -- Amplificadores con tubos de vacío -- Amplificadores de Potencia para Radiofrecuencia -- Circuitos Especiales para tubos de vacío y semiconductores -- Transmision y recepcion en banda lateral Unica... | ||
| 650 |
_aRadiodifusion _916505 |
||
| 650 |
_aRadios y Frecuencias _919788 |
||
| 650 |
_aHondas de Radio _919789 |
||
| 942 |
_2ddc _cLIBROS |
||
| 945 | _artm | ||